Euromagazín časopis Zastúpenia Európskej komisie v Slovenskej republike
Na minha lista:
| Formato: | Periódico |
|---|---|
| Idioma: | eslovaco |
| Publicado em: |
Bratislava
Zastúpenie Európskej komisie v Slovenskej republike
2003
|
| Assuntos: | |
| Tags: |
Sem tags, seja o primeiro a adicionar uma tag!
|
MARC
| LEADER | 00000nas2a2200000 4500 | ||
|---|---|---|---|
| 001 | 0056837 | ||
| 005 | 20080416110602.9 | ||
| 022 | |a 1335-3918 | ||
| 041 | 0 | |a slo | |
| 044 | |a SK | ||
| 245 | 1 | 0 | |a Euromagazín |b časopis Zastúpenia Európskej komisie v Slovenskej republike |
| 264 | 1 | |a Bratislava |b Zastúpenie Európskej komisie v Slovenskej republike |c 2003 | |
| 773 | 0 | |w eu_un_cat*s124316 | |
| 610 | 2 | 0 | |a integrácia ekonomická medzinárodná |
| 610 | 2 | 0 | |a Európska komisia |